00323cam a22000975a 4500020001500000020001800015040000800033082002600041245011500067260004300182 a1424479274 a9781424479276 cDLC a793 LEE 2014 A088 Or.00a2014 36th annual international conference of the ieee engineering in medicine and biology society (embc 2014). aPiscataway :bIeee Press Books,c2014.